| 000 | 00575nam a22001937a 4500 | ||
|---|---|---|---|
| 005 | 20170630143544.0 | ||
| 010 | _aENG-118592 | ||
| 020 |
_a97881203533268 _c225.00 |
||
| 035 | _aEN-102124 | ||
| 037 | _bDABD/PUB | ||
| 082 | _a882 | ||
| 100 | _aShakespeare, William | ||
| 245 |
_aJulius Caesar / _cby William shakespeare ; introduction by Zinia Mitra |
||
| 260 |
_aDelhi _bPHI Learning _c2017 |
||
| 270 |
_a111, Patparganj Industrial Estate _bDelhi _e110092 |
||
| 300 |
_aiii,240p. _c21cm(pbk) |
||
| 700 | _aMitra, Zinia | ||
| 942 |
_2ddc _cEN _h882 _mSHA |
||
| 999 |
_c140938 _d140938 |
||